[Event "COL-ch sf"]
[Site "Pereira"]
[Date "2024.03.30"]
[Round "8"]
[White "Aponte Castillo, Ernesto"]
[Black "Soto Ramirez, Andres Camilo"]
[Result "0-1"]
[WhiteElo "2008"]
[BlackElo "1732"]
[PlyCount "72"]
[EventDate "2024.03.26"]
[EventType "swiss"]
[EventRounds "11"]
[EventCountry "COL"]
[SourceTitle "CB14_2024"]
[SourceDate "2024.04.01"]
[SourceVersion "1"]
[SourceVersionDate "2024.04.01"]
[SourceQuality "1"]

1. e4 c5 2. Nf3 d6 3. c3 Nf6 4. Bd3 Nc6 5. Bc2 Bg4 6. d3 e6 7. h3 Bh5 8. Nbd2 h6 9. Nf1 Be7 10. Ng3 Bg6 11. 0-0 0-0 12. Qe2 Re8 13. Nh2 d5 14. f4 Qc7 15. Nf3 b5 16. Ne5 Nxe5 17. fxe5 Nd7 18. exd5 exd5 19. Bf4 Bg5 20. Bxg5 hxg5 21. Qf3 Nxe5 22. Qxd5 Rad8 23. Qb3 Nxd3 24. Bxd3 Bxd3 25. Rf3 Bc4 26. Qc2 Bd5 27. Rd3 c4 28. Rxd5 Rxd5 29. Ne2 Rd3 30. Nd4 Qf4 31. Rf1 Qe3+ 32. Kh1 Qd2 33. Qb1 Rg3 34. Rg1 g6 35. Qf1 g4 36. h4 Ree3 0-1

[Event "COL-ch sf"]
[Site "Pereira"]
[Date "2024.03.29"]
[Round "7"]
[White "Duque Vasquez, David"]
[Black "Aponte Castillo, Ernesto"]
[Result "1/2-1/2"]
[WhiteElo "1875"]
[BlackElo "2008"]
[PlyCount "99"]
[EventDate "2024.03.26"]
[EventType "swiss"]
[EventRounds "11"]
[EventCountry "COL"]
[SourceTitle "CB14_2024"]
[SourceDate "2024.04.01"]
[SourceVersion "1"]
[SourceVersionDate "2024.04.01"]
[SourceQuality "1"]

1. e4 Nf6 2. e5 Nd5 3. d4 d6 4. Nf3 Bg4 5. Be2 e6 6. c4 Nb6 7. exd6 cxd6 8. 0-0 Be7 9. Nc3 0-0 10. h3 Bh5 11. Be3 d5 12. c5 Bxf3 13. Bxf3 Nc4 14. Bf4 Nc6 15. b3 N4a5 16. Nb5 a6 17. Nd6 Bf6 18. Be3 b6 19. Rc1 Rb8 20. Qd2 b5 21. Rfd1 g5 22. h4 gxh4 23. Bh6 Nxd4 24. Bxf8 Nxf3+ 25. gxf3 Kxf8 26. Qh6+ Ke7 27. Qxh7 Qg8+ 28. Qxg8 Rxg8+ 29. Kh1 Nc6 30. Rg1 Rh8 31. a4 b4 32. Rg4 Be5 33. Nb7 Rb8 34. Nd6 Nd4 35. Re1 Nc6 36. Rxh4 Bxd6 37. cxd6+ Kxd6 38. Re3 Ne7 39. Rd3 a5 40. Kg1 Ng6 41. Rh7 Ne5 42. Rd1 Nxf3+ 43. Kf1 Ne5 44. f4 Ng4 45. Ke2 Rc8 46. Rxf7 Rc3 47. Rd3 Rc2+ 48. Rd2 Rc3 49. Rd3 Rc2+ 50. Rd2 1/2-1/2

[Event "COL-ch sf"]
[Site "Pereira"]
[Date "2024.03.26"]
[Round "2"]
[White "Aponte Castillo, Ernesto"]
[Black "Ortega Leon, Jaime"]
[Result "1-0"]
[WhiteElo "2008"]
[BlackElo "1715"]
[PlyCount "61"]
[EventDate "2024.03.26"]
[EventType "swiss"]
[EventRounds "11"]
[EventCountry "COL"]
[SourceTitle "CB14_2024"]
[SourceDate "2024.04.01"]
[SourceVersion "1"]
[SourceVersionDate "2024.04.01"]
[SourceQuality "1"]

1. d4 d5 2. Nf3 Nc6 3. c4 e6 4. Nc3 b6 5. Bf4 Bd6 6. cxd5 exd5 7. Nxd5 Bb7 8. Bxd6 Qxd6 9. Nc3 0-0-0 10. e3 f6 11. Be2 Kb8 12. Qa4 Nge7 13. 0-0-0 Qb4 14. Qc2 Nd5 15. Nxd5 Rxd5 16. Kb1 Qe7 17. Rc1 Nb4 18. Qb3 Ra5 19. a3 Be4+ 20. Ka1 Rd8 21. Rhg1 Bd5 22. Bc4 g5 23. Nd2 h5 24. Bxd5 Rdxd5 25. Rc4 Rdb5 26. Rgc1 Nd5 27. Qc2 Nb4 28. Qe4 Qd6 29. Rxc7 Rxa3+ 30. bxa3 Nc6 31. Rc8+ 1-0

[Event "Velez Rapid op 10th"]
[Site "Velez Santander"]
[Date "2023.11.06"]
[Round "3"]
[White "Aponte Castillo, Ernesto"]
[Black "Brizuela Abreu, Ronald Jesus"]
[Result "1-0"]
[WhiteElo "2023"]
[BlackElo "2326"]
[PlyCount "61"]
[EventDate "2023.11.06"]
[EventType "swiss (rapid)"]
[EventRounds "10"]
[EventCountry "COL"]
[SourceTitle "Mega2024 Update 01"]
[Source "Chessbase"]
[SourceDate "2023.11.12"]
[SourceVersion "1"]
[SourceVersionDate "2023.11.12"]
[SourceQuality "1"]

1. e4 c6 2. d4 d5 3. exd5 cxd5 4. Bd3 Nc6 5. c3 a6 6. Bf4 Nf6 7. Nf3 Bg4 8. Nbd2 e6 9. 0-0 Bd6 10. Bxd6 Qxd6 11. Qe2 Bh5 12. Rae1 0-0 13. Qe3 Ng4 14. Qg5 Nf6 15. Ne5 Bg6 16. Nxg6 hxg6 17. Nf3 Ne7 18. Ne5 Nf5 19. g4 Ne7 20. Re3 Rfd8 21. Rfe1 Qb6 22. R1e2 Qd6 23. Qh4 Rac8 24. f4 Kf8 25. Rf2 b5 26. f5 gxf5 27. gxf5 Nxf5 28. Bxf5 exf5 29. Rxf5 Rc7 30. Rxf6 Qxf6 31. Nd7+ 1-0

[Event "Velez Rapid op 10th"]
[Site "Velez Santander"]
[Date "2023.11.06"]
[Round "5"]
[White "Aponte Castillo, Ernesto"]
[Black "Claverie, Raul Ricardo"]
[Result "0-1"]
[WhiteElo "2023"]
[BlackElo "2384"]
[PlyCount "120"]
[EventDate "2023.11.06"]
[EventType "swiss (rapid)"]
[EventRounds "10"]
[EventCountry "COL"]
[SourceTitle "Mega2024 Update 01"]
[Source "Chessbase"]
[SourceDate "2023.11.12"]
[SourceVersion "1"]
[SourceVersionDate "2023.11.12"]
[SourceQuality "1"]

1. e4 e6 2. b3 d5 3. Bb2 dxe4 4. Nc3 Nf6 5. Qe2 Nc6 6. Nxe4 Nd4 7. Qd3 c5 8. Nf3 Nxf3+ 9. Qxf3 Be7 10. Bb5+ Kf8 11. 0-0-0 Nxe4 12. Qxe4 Qd5 13. Qe3 Bf6 14. Bxf6 gxf6 15. d4 cxd4 16. Qxd4 Qxd4 17. Rxd4 Ke7 18. Rhd1 Rg8 19. g3 Rg5 20. Bd7 Rc5 21. Bxc8 Raxc8 22. Rd7+ Kf8 23. R1d2 R8c7 24. Kb2 Rxc2+ 25. Ka3 Ke8 26. Rd8+ Ke7 27. f4 h5 28. Rxc2 Kxd8 29. Rd2+ Ke7 30. Kb4 f5 31. a4 f6 32. a5 a6 33. Re2 Rd7 34. Kc4 Rd5 35. b4 Kd6 36. Rf2 Rd1 37. Re2 e5 38. Kc3 Kd5 39. fxe5 fxe5 40. Rf2 Ke6 41. Kc4 Rd4+ 42. Kc3 h4 43. Re2 hxg3 44. hxg3 Rg4 45. Re3 Kd5 46. Kd2 Rxb4 47. Rc3 Rd4+ 48. Ke3 f4+ 49. gxf4 exf4+ 50. Ke2 Rb4 51. Rd3+ Ke4 52. Rd7 Rb2+ 53. Ke1 Ke3 54. Re7+ Kf3 55. Rd7 Rb1+ 56. Kd2 Kf2 57. Rh7 f3 58. Rf7 Rb5 59. Kd1 Rd5+ 60. Kc2 Rxa5 0-1

[Event "Velez Rapid op 10th"]
[Site "Velez Santander"]
[Date "2023.11.06"]
[Round "4"]
[White "Borges Matos, Juan R"]
[Black "Aponte Castillo, Ernesto"]
[Result "1-0"]
[WhiteElo "2407"]
[BlackElo "2023"]
[PlyCount "95"]
[EventDate "2023.11.06"]
[EventType "swiss (rapid)"]
[EventRounds "10"]
[EventCountry "COL"]
[SourceTitle "Mega2024 Update 01"]
[Source "Chessbase"]
[SourceDate "2023.11.12"]
[SourceVersion "1"]
[SourceVersionDate "2023.11.12"]
[SourceQuality "1"]

1. d4 e6 2. c4 f5 3. g3 Nf6 4. Bg2 Be7 5. Nc3 0-0 6. Nh3 d6 7. Nf4 e5 8. Nfd5 Nxd5 9. Nxd5 Nc6 10. e3 Bf6 11. Nxf6+ Qxf6 12. b3 exd4 13. Bb2 Qe7 14. Bxd4 Nxd4 15. Qxd4 Qe5 16. Rd1 a5 17. 0-0 a4 18. b4 a3 19. Rd2 Ra4 20. Rb1 Be6 21. Bd5 Bxd5 22. cxd5 Rf7 23. Rb3 g5 24. f3 f4 25. Qxe5 dxe5 26. e4 h5 27. gxf4 Rxf4 28. Rg2 g4 29. h3 Kf7 30. hxg4 hxg4 31. Rxg4 Rf6 32. Rh4 Kg7 33. Rh5 Rg6+ 34. Kf2 Rb6 35. Rxe5 Raxb4 36. Rxa3 Kf6 37. Rf5+ Kg6 38. Kg3 Rb2 39. Rc3 Rxa2 40. Rxc7 Rbb2 41. Kf4 Ra6 42. Ke5 b5 43. Rc6+ Rxc6 44. dxc6 Rc2 45. Kd6 b4 46. Rb5 Rc4 47. c7 Kf6 48. Rxb4 1-0

[Event "Velez Rapid op 10th"]
[Site "Velez Santander"]
[Date "2023.11.06"]
[Round "9"]
[White "Lopez Giraldo, Maria Camila"]
[Black "Aponte Castillo, Ernesto"]
[Result "1-0"]
[WhiteElo "1724"]
[BlackElo "2023"]
[PlyCount "69"]
[EventDate "2023.11.06"]
[EventType "swiss (rapid)"]
[EventRounds "10"]
[EventCountry "COL"]
[SourceTitle "Mega2024 Update 01"]
[Source "Chessbase"]
[SourceDate "2023.11.12"]
[SourceVersion "1"]
[SourceVersionDate "2023.11.12"]
[SourceQuality "1"]

1. e4 Nf6 2. Nc3 d5 3. exd5 Nxd5 4. Bc4 c6 5. d4 Be6 6. Bb3 g6 7. Nge2 Bg7 8. Nxd5 Bxd5 9. f3 0-0 10. 0-0 Nd7 11. c3 Bxb3 12. axb3 e5 13. dxe5 Nxe5 14. Bf4 Nd3 15. Qc2 Nxf4 16. Nxf4 Re8 17. Rad1 Qb6+ 18. Kh1 Qe3 19. Nd3 Rad8 20. Rfe1 Rxd3 21. Rxe3 Rdxe3 22. Rf1 Re2 23. Qc1 Rd8 24. Re1 Rdd2 25. Rxe2 Rxe2 26. h3 b5 27. Kg1 a5 28. c4 b4 29. Qa1 Bxb2 30. Qxa5 Bd4+ 31. Kf1 Rf2+ 32. Ke1 Rxg2 33. Qxb4 Kg7 34. Qd6 h5 35. Qxd4+ 1-0

[Event "Velez op 10th"]
[Site "Velez Santander"]
[Date "2023.11.03"]
[Round "5"]
[White "Borges Matos, Juan R"]
[Black "Aponte Castillo, Ernesto"]
[Result "1-0"]
[WhiteElo "2407"]
[BlackElo "2023"]
[PlyCount "47"]
[EventDate "2023.11.01"]
[EventType "swiss"]
[EventRounds "10"]
[EventCountry "COL"]
[SourceTitle "Mega2024 Update 01"]
[Source "Chessbase"]
[SourceDate "2023.11.12"]
[SourceVersion "1"]
[SourceVersionDate "2023.11.12"]
[SourceQuality "1"]

1. d4 f5 2. g3 Nf6 3. Bg2 e6 4. c4 Be7 5. Nf3 0-0 6. d5 Na6 7. 0-0 Nc5 8. Nc3 d6 9. dxe6 Bxe6 10. Nd4 Qd7 11. Nxe6 Qxe6 12. Nd5 Bd8 13. Nxf6+ Qxf6 14. Bxb7 Nxb7 15. Qd5+ Qf7 16. Qxb7 Bf6 17. Qc6 Rab8 18. Rb1 Rfe8 19. Be3 Bxb2 20. Rfd1 a5 21. Rd5 Re4 22. Rd2 Rxc4 23. Rdxb2 Rxb2 24. Qa8+ 1-0